000 01321nam a22003617a 4500
003 CHAP
005 20220329143249.0
008 071106d2004 mx ad r 00110 spa d
010 _a94138
011 _a95110
035 _a105715
040 _cCHAP
082 0 4 _a631.4
_bG37
100 0 0 _aGarcía Pérez, Rafael Ernesto.
_946457
245 1 0 _aPrograma y manual de la asignatura :
_bintroducción a la ciencia del suelo
_c/por Rafael E. García Pérez, Benito Martínez Hurtado y Raúl Zapata Rosales
260 _aChapingo, Méx. :
_bUACH. Departamento de Suelos,
_c2004 .
300 _a[c. a. 100 ] p. :
_bilus. ; cuadros
590 _aBATCH-UPD
_b10
_c20130110
_lUCH01
_h0359
590 _aBATCH-UPD
_b10
_c20130410
_lUCH01
_h0032
590 _aBATCH-UPD
_b10
_c20130410
_lUCH01
_h1605
590 _aBATCH-UPD
_b10
_c20130914
_lUCH01
_h1531
590 _aCONVERSION
_b10
_c20130109
_lUCH01
_h1352
650 0 4 _aSuelos
_xEstudio y enseñanza.
_9110361
650 1 4 _aSuelos.
_9110191
650 1 4 _aSuelos
_xFertilidad.
_9110367
650 1 4 _aSuelos
_xFísica de.
_9110373
700 0 _aMartínez Hurtado, Benito.
_972177
700 1 _aZapata Rosales, Raúl.
_9123652
901 _aBK
905 _aMarco A. Mendoza T.
942 _cLIBRO
949 _a631.4 G37
_bBC
_cUACH
_d33724002042512
_eUACH
_gDonaciØn
_h108888
_i105715
_sb
999 _c94138
_d94138